000
00288nam a2200097Ia 4500
001
1120201
005
20250827004620.0
008
250824s9999 xx 000 0 und d
245
0
_a
BABAMIN ŞARKISI F5 27
_c
İSMAİL ÖZEN
260
_b
KETEBE YAYINEVİ
999
_c
1120201
_d
1120201